MARC details
| 000 -CABECERA |
| campo de control de longitud fija |
02484nam a2200313 4500 |
| 003 - IDENTIFICADOR DEL NÚMERO DE CONTROL |
| campo de control |
EC-UNACH |
| 005 - FECHA Y HORA DE LA ÚLTIMA TRANSACCIÓN |
| campo de control |
20251031132235.0 |
| 006 - CÓDIGOS DE INFORMACIÓN DE LONGITUD FIJA--CARACTERÍSTICAS DEL MATERIAL ADICIONAL |
| campo de control de longitud fija |
s||||gr|||| 00| 00 |
| 008 - DATOS DE LONGITUD FIJA--INFORMACIÓN GENERAL |
| campo de control de longitud fija |
150116t9999 mx r gr 000 0 spa d |
| 020 ## - NÚMERO INTERNACIONAL ESTÁNDAR DEL LIBRO |
| Número Internacional Estándar del Libro |
978-9978-92-997-1 |
| 040 ## - FUENTE DE LA CATALOGACIÓN |
| Centro catalogador/agencia de origen |
EC-UNACH |
| Centro/agencia transcriptor |
EC-UNACH |
| 041 ## - CÓDIGO DE LENGUA |
| Código de lengua del texto/banda sonora o título independiente |
spa |
| 082 04 - NÚMERO DE LA CLASIFICACIÓN DECIMAL DEWEY |
| Número de edición |
23 |
| Número de clasificación |
342 AVI |
| Número de documento/Ítem |
L017887 |
| 110 ## - ENTRADA PRINCIPAL--NOMBRE DE ENTIDAD CORPORATIVA |
| Nombre de entidad corporativa o nombre de jurisdicción como elemento de entrada |
Corte Constitucional |
| 245 ## - MENCIÓN DE TÍTULO |
| Título |
Crítica y Derecho |
| 250 ## - MENCIÓN DE EDICIÓN |
| Mención de edición |
Primera edición |
| 264 ## - Producción, publicación, distribución, fabricación y copyright |
| Lugar de producción, publicación, distribución, fabricación |
Quito - Ecuador |
| Nombre del de productor, editor, distribuidor, fabricante |
Centro de Estudios y Difusión del Derecho Constitucional |
| Fecha de de producción, publicación, distribución, fabricación o copyright |
2011 |
| 300 ## - DESCRIPCIÓN FÍSICA |
| Extensión |
308 páginas |
| Otras características físicas |
Texto |
| 505 ## - NOTA DE CONTENIDO CON FORMATO |
| Nota de contenido con formato |
CRÍTICA Y DERECHO 1. POLÍTICA, JUSTICIA Y CONSTITUCIÓN. Diálogo Interdisciplinario y crítica del derecho. La contra reforma invisible de la justicia, entre la alienación social y la necesaria transformación ideológica. --<br/>Políticas constitucionales en Ecuador. --<br/>El derecho, entre la tecnificación y la obra de arte (Heidegger y Arendt) . --<br/>Justicia, periplos de un concepto. Análisis del artículo uno de la Constitución ecuatoriana de 2008. --<br/>Cementerio de elefantes. --<br/>Aspectos generales del nuevo constitucionalismo latinoamericano. --<br/>Derechos y titulares. Del bien común al buen vivir. --<br/>El referéndum, análisis comparativo de las legislaciones de España y Ecuador. --<br/>Más o menos seguridad jurídica. --<br/>La naturaleza como persona: Pachamama y Gaia. --<br/>CRÍTICA Y DERECHO 2. EMANCIPACIÓN Y TRANSFORMACIÓN CONSTITUCIONAL. Diálogo interdisciplinario y crítica del derecho. --<br/>Cultura y Derecho: el derecho humano a la cultura. --<br/>La teoría general del derecho frente a la antropología política. --<br/>Derechos humanos y democracia en Habermas. --<br/>Pluralismo e interculturalidad. Constitucionalización de la movilidad humana y la(s) democracia(s) en clave intercultural. --<br/>Ejercicio para la construcción de un sistema jurídico plurinacional. --<br/>Constitucionalismo y pluralismo jurídico: balance de la aplicación de las reformas constitucionales relativas al Derecho indígena en el Ecuador. --<br/>Democracia procedimental con enfoque intercultural: una asignatura pendiente para el Estado de derechos.<br/> |
| 650 ## - PUNTO DE ACCESO ADICIONAL DE MATERIA--TÉRMINO DE MATERIA |
| Término de materia o nombre geográfico como elemento inicial |
CULTURA Y DERECHO |
| 650 ## - PUNTO DE ACCESO ADICIONAL DE MATERIA--TÉRMINO DE MATERIA |
| Término de materia o nombre geográfico como elemento inicial |
ANTROPOLOGÍA POLÍTICA |
| 650 ## - PUNTO DE ACCESO ADICIONAL DE MATERIA--TÉRMINO DE MATERIA |
| Término de materia o nombre geográfico como elemento inicial |
CONSTITUCIÓN ECUATORIANA |
| 700 ## - PUNTO DE ACCESO ADICIONAL--NOMBRE DE PERSONA |
| Nombre de persona |
Ávila Linzán, Luis Fernando |
| 710 ## - PUNTO DE ACCESO ADICIONAL--NOMBRE DE ENTIDAD CORPORATIVA |
| Nombre de entidad corporativa o nombre de jurisdicción como elemento de entrada |
Trujillo Vásquez, Julio César |
| 942 ## - ELEMENTOS DE PUNTO DE ACCESO ADICIONAL (KOHA) |
| Fuente del sistema de clasificación o colocación |
Clasificación Decimal Dewey |
| Tipo de ítem Koha |
Libros |
| 999 ## - NÚMEROS DE CONTROL DE SISTEMA (KOHA) |
| Koha biblionumber |
14136 |